000 00738nam a22002297a 4500
003 UA-OsUOA
001 18571
007 ta
008 20040209b un ||||| |||| 00| 0 ukr d
090 _bП-119
942 _cBK
040 _aUA-OsUOA
_bukr
_cUA-OsUOA
_dUA-OsUOA
245 _aПісні села Погоріловка
_b(с.Поліське Березнівського р-ну Рівненської обл.) Записи , транскрипції і впорядкування Т.Гнатюк
300 _a130 с.
955 _a0
041 _aukr
020 _a996-7929-07-8
591 _a85.315(4Укр-4Рів)
260 _aРівне
_bЦНТІ
_c2003
044 _aUA
650 7 _aКраєзнавча робота
_2UDC
999 _c304742
_d304742